All 100k-1M U.S. Cities - Statistics

General Stats
  • This quiz has been taken 38 times
    22 since last reset
  • The average score is 153 of 305
Answer Stats
Population City % Correct
160,628 MS Jackson
93%
911,507 FL Jacksonville
93%
978,908 TX Austin
87%
885,708 NC Charlotte
87%
727,211 CO Denver
87%
876,384 IN Indianapolis
87%
467,963 FL Miami
87%
429,606 MN Minneapolis
87%
670,820 TN Nashville
87%
474,069 NC Raleigh
87%
881,549 CA San Francisco
87%
705,749 DC Washington D.C.
87%
506,811 GA Atlanta
80%
593,490 MD Baltimore
80%
220,236 LA Baton Rouge
80%
692,600 MA Boston
80%
303,940 OH Cincinnati
80%
478,221 CO Colorado Springs
80%
898,553 OH Columbus
80%
195,769 GA Columbus
80%
681,728 TX El Paso
80%
909,585 TX Fort Worth
80%
495,327 MO Kansas City
80%
152,960 KS Kansas City
80%
651,319 NV Las Vegas
80%
617,638 KY Louisville
80%
651,073 TN Memphis
80%
590,157 WI Milwaukee
80%
390,144 LA New Orleans
80%
655,057 OK Oklahoma CIty
80%
287,442 FL Orlando
80%
654,741 OR Portland
80%
255,601 NV Reno
80%
548,073 AZ Tucson
80%
401,190 OK Tulsa
80%
350,365 CA Anaheim
73%
384,145 CA Bakersfield
73%
381,009 OH Cleveland
73%
124,662 ND Fargo
73%
531,576 CA Fresno
73%
296,710 NC Greensboro
73%
320,189 NV Henderson
73%
323,152 KY Lexington
73%
197,312 AR Little Rock
73%
462,628 CA Long Beach
73%
259,680 WI Madison
73%
478,192 NE Omaha
73%
300,286 PA Pittsburgh
73%
230,436 VA Richmond
73%
110,567 CA Richmond
73%
753,675 WA Seattle
73%
300,576 MO St. Louis
73%
399,700 FL Tampa
73%
449,974 VA Virginia Beach
73%
389,938 KS Wichita
73%
247,945 NC Winston-Salem
73%
560,513 NM Albuquerque
67%
199,371 TX Amarillo
67%
228,959 ID Boise
67%
105,673 CO Boulder
67%
182,799 TN Chattanooga
67%
326,586 TX Corpus Christi
67%
140,407 OH Dayton
67%
670,031 MI Detroit
67%
270,402 IN Fort Wayne
67%
201,013 MI Grand Rapids
67%
289,102 NE Lincoln
67%
282,011 NJ Newark
67%
242,742 VA Norfolk
67%
513,624 CA Sacramento
67%
174,365 OR Salem
67%
215,784 CA San Bernardino
67%
308,096 MN St. Paul
67%
272,779 OH Toledo
67%
125,310 KS Topeka
67%
139,236 TX Waco
67%
104,683 TX Wichita Falls
67%
197,597 OH Akron
60%
105,623 TX Allen
60%
288,000 AK Anchorage
60%
398,854 TX Arlington
60%
236,842 VA Arlington
60%
197,888 GA Augusta
60%
379,289 CO Aurora
60%
197,757 IL Aurora
60%
209,403 AL Birmingham
60%
255,284 NY Buffalo
60%
137,566 SC Charleston
60%
131,674 SC Columbia
60%
123,195 MO Columbia
60%
113,003 CA Costa Mesa
60%
214,237 IA Des Moines
60%
211,657 NC Fayetteville
60%
345,064 HI Honolulu
60%
200,574 AL Huntsville
60%
262,075 NJ Jersey City
60%
187,603 TN Knoxville
60%
258,862 TX Lubbock
60%
153,159 GA Macon
60%
518,012 AZ Mesa
60%
188,720 AL Mobile
60%
123,334 TX Odessa
60%
331,360 CA Riverside
60%
200,567 UT Salt Lake City
60%
332,318 CA Santa Ana
60%
144,464 GA Savannah
60%
183,793 SD Sioux Falls
60%
167,882 MO Springfield
60%
153,606 MA Springfield
60%
114,230 IL Springfield
60%
142,327 NY Syracuse
60%
217,827 WA Tacoma
60%
194,500 FL Tallahassee
60%
123,744 NC Wilmington
60%
159,428 VA Alexandria
53%
126,913 GA Athens
53%
148,164 WA Bellevue
53%
121,363 CA Berkeley
53%
109,577 MT Billings
53%
182,781 TX Brownsville
53%
133,562 IA Cedar Rapids
53%
141,541 TX Denton
53%
278,993 NC Durham
53%
172,622 OR Eugene
53%
170,243 CO Fort Collins
53%
182,437 FL Fort Lauderdale
53%
200,490 TX Frisco
53%
254,114 AZ Gilbert
53%
252,381 AZ Glendale
53%
199,303 CA Glendale
53%
194,543 TX Grand Prairie
53%
122,105 CT Hartford
53%
233,339 FL Hialeah
53%
287,401 CA Irvine
53%
126,185 LA Lafayette
53%
262,491 TX Laredo
53%
143,268 TX McAllen
53%
146,038 TX Midland
53%
198,525 AL Montgomery
53%
130,250 CT New Haven
53%
251,974 NV North Las Vegas
53%
433,031 CA Oakland
53%
208,881 CA Oxnard
53%
151,227 TX Pasadena
53%
141,029 CA Pasadena
53%
287,677 TX Plano
53%
179,883 RI Providence
53%
112,361 CO Pueblo
53%
205,695 NY Rochester
53%
118,935 MN Rochester
53%
212,979 CA Santa Clarita
53%
187,112 LA Shreveport
53%
222,081 WA Spokane
53%
265,351 FL St. Petersburg
53%
195,805 AZ Tempe
53%
111,955 FL West Palm Beach
53%
185,428 MA Worcester
53%
123,420 TX Abilene
47%
121,442 PA Allentown
47%
119,980 MI Ann Arbor
47%
116,825 TX Beaumont
47%
144,399 CT Bridgeport
47%
194,495 FL Cape Coral
47%
170,282 NC Cary
47%
261,165 AZ Chandler
47%
158,146 TN Clarksville
47%
241,110 CA Fremont
47%
133,997 FL Gainesville
47%
239,928 TX Garland
47%
104,578 WI Green Bay
47%
239,798 TX Irving
47%
118,210 MI Lansing
47%
199,177 TX McKinney
47%
215,196 CA Modesto
47%
148,449 IL Naperville
47%
179,225 VA Newport News
47%
138,669 CA Orange
47%
195,494 KS Overland Park
47%
175,961 AZ Peoria
47%
110,417 IL Peoria
47%
201,846 FL Port St. Lucie
47%
116,618 UT Provo
47%
145,609 IL Rockford
47%
133,372 TX Round Rock
47%
130,365 CA Santa Clara
47%
312,697 CA Stockton
47%
106,985 TX Tyler
47%
133,943 MI Warren
47%
200,370 NY Yonkers
47%
110,198 OK Broken Arrow
40%
102,511 CA Burbank
40%
244,835 VA Chesapeake
40%
103,301 CA Chico
40%
274,492 CA Chula Vista
40%
117,911 TX College Station
40%
101,590 IA Davenport
40%
117,979 IN Evansville
40%
111,475 WA Everett
40%
108,649 CO Greeley
40%
147,344 IL Joliet
40%
132,319 WA Kent
40%
151,666 TX Killeen
40%
112,136 FL Lakeland
40%
157,601 CA Lancaster
40%
103,432 NM Las Cruces
40%
114,161 ID Meridian
40%
146,900 TN Murfreesboro
40%
124,880 OK Norman
40%
155,079 CA Palmdale
40%
107,263 CA Santa Maria
40%
176,753 CA Santa Rosa
40%
258,069 AZ Scottsdale
40%
105,006 NV Sparks
40%
114,761 CA Temecula
40%
143,592 CA Torrance
40%
121,692 CA Vallejo
40%
184,463 WA Vancouver
40%
122,385 CA Victorville
40%
135,248 UT West Valley City
40%
111,502 CA Antioch
33%
139,248 TX Carrollton
33%
110,937 CO Centennial
33%
116,946 FL Clearwater
33%
129,295 CA Concord
33%
169,868 CA Corona
33%
111,126 CA Downey
33%
129,216 NJ Elizabeth
33%
174,775 CA Elk Grove
33%
214,547 CA Fontana
33%
138,632 CA Fullerton
33%
171,644 CA Garden Grove
33%
112,791 NC High Point
33%
154,817 FL Hollywood
33%
199,223 CA Huntington Beach
33%
108,151 CA Inglewood
33%
112,673 NH Manchester
33%
175,742 CA Oceanside
33%
140,545 KS Olathe
33%
185,010 CA Ontario
33%
173,591 FL Pembroke Pines
33%
177,603 CA Rancho Cucamonga
33%
155,465 CA Salinas
33%
101,004 TX San Angelo
33%
102,026 IN South Bend
33%
129,638 CT Stamford
33%
132,438 MI Sterling Heights
33%
141,664 AZ Surprise
33%
141,464 CO Thornton
33%
126,813 CA Thousand Oaks
33%
101,129 AL Tuscaloosa
33%
116,480 UT West Jordan
33%
121,272 CO Arvada
27%
100,421 OR Bend
27%
118,927 MA Cambridge
27%
115,382 CA Carlsbad
27%
101,068 IN Carmel
27%
106,280 CA Daly City
27%
151,625 CA Escondido
27%
109,381 OR Gresham
27%
134,510 VA Hampton
27%
159,203 CA Hayward
27%
109,128 OR Hillsboro
27%
116,672 MO Independence
27%
157,935 CO Lakewood
27%
107,536 TX League City
27%
109,212 TX Lewisville
27%
140,937 TX Mesquite
27%
141,191 FL Miramar
27%
213,055 CA Moreno Valley
27%
116,223 CA Murrieta
27%
115,382 SC North Charleston
27%
145,233 NJ Paterson
27%
122,460 TX Pearland
27%
151,691 CA Pomona
27%
121,323 TX Richardson
27%
141,500 CA Roseville
27%
104,430 CA San Mateo
27%
107,568 CT Waterbury
27%
105,101 CA West Covina
27%
114,584 CA Clovis
20%
133,759 FL Coral Springs
20%
106,306 FL Davie
20%
101,170 TX Edinburg
20%
115,487 CA El Monte
20%
117,133 CA Fairfield
20%
110,997 MA Lowell
20%
110,001 FL Miami Gardens
20%
103,949 CA Norwalk
20%
115,552 FL Palm Bay
20%
112,118 FL Pompano Beach
20%
109,452 GA Sandy Springs
20%
125,613 CA Simi Valley
20%
101,060 WA Spokane Valley
20%
118,488 TX Sugar Land
20%
134,605 CA Visalia
20%
113,166 CO Westminster
20%
102,708 CA El Cajon
13%
110,849 IL Elgin
13%
109,527 CA Jurupa Valley
13%
101,751 WA Renton
13%
103,526 CA Rialto
13%
109,106 CA San Buenaventura
13%
152,703 CA Sunnyvale
13%
100,670 CA Vacaville
13%
101,638 CA Vista
13%
No matching quizzes found
Score Distribution
Percent of People with Each Score
Percentile by Number Answered
Your Score History
You have not taken this quiz since the last reset